| 000 | 00532nam a2200181 i 4500 | ||
|---|---|---|---|
| 001 | 49066 | ||
| 005 | 20230410143209.0 | ||
| 008 | 071102b1948 sp a 000 0 spa | ||
| 040 |
_aDRFGD _bspa |
||
| 041 | 0 | _aspa | |
| 050 | 1 | 4 | _abS681 1948 |
| 245 | 0 | 0 |
_aSofocales, edipo rey : / _bla tregedia griega / _cedición y estudios por, D. Mayor. |
| 260 |
_aComillas {Santander} : _bUniversidad Pontificia , _c1948 |
||
| 300 | _a236 p. | ||
| 440 | 0 | _aBibliotheca comillensis, Seri; Humanistica | |
| 942 |
_2lcc _cbk |
||
| 946 | _acsexposito | ||
| 999 |
_c97537 _d97537 |
||